[Event "Tuapse Blitz op"]
[Site "Tuapse"]
[Date "2022.06.29"]
[Round "1"]
[White "Simakov, Vadim"]
[Black "Moiseenko, Vadim"]
[Result "0-1"]
[WhiteElo "1462"]
[BlackElo "2546"]
[PlyCount "74"]
[EventDate "2022.06.29"]
[EventType "swiss (blitz)"]
[EventRounds "13"]
[EventCountry "RUS"]
[SourceTitle "CBM 209 Extra"]
[Source "ChessBase"]
[SourceDate "2022.09.30"]
[SourceVersion "1"]
[SourceVersionDate "2022.09.30"]
[SourceQuality "1"]

1. e4 e5 2. Nf3 Nc6 3. Bb5 Nf6 4. 0-0 Bc5 5. Nxe5 Nxe5 6. d4 Bd6 7. dxe5 Bxe5 8. f4 Bd6 9. e5 Bc5+ 10. Kh1 Ng8 11. f5 c6 12. Bc4 d5 13. exd6 Qxd6 14. Qg4 Qd4 15. Re1+ Kf8 16. Qe2 Nf6 17. c3 Qg4 18. Qe5 Qxf5 19. Qc7 Qd7 20. Qe5 Qd6 21. Qg5 Ng4 22. Bf4 Nf2+ 23. Kg1 Nh3+ 24. Kh1 Nxg5 25. Bxd6+ Bxd6 26. Nd2 Be6 27. Bd3 Rd8 28. Bc2 Bxh2 29. Nf1 Bc7 30. Ne3 g6 31. Rad1 Kg7 32. b3 Rxd1 33. Rxd1 Re8 34. c4 Bb6 35. Nf1 Bg4 36. Rc1 Ne4 37. Nh2 Ng3# 0-1